| 000 | 00771nam a2200193 a 4500 | ||
|---|---|---|---|
| 008 | 060316s1977 ||||||||||||||||| || u | ||
| 020 | _a0810458489 | ||
| 050 | _aTK 6421 Tal | ||
| 100 | _aTalley, David | ||
| 245 | 1 | 0 | _aBasic carrier telephony. (3rd ed.) |
| 250 | _aRev. 3d ed. | ||
| 260 |
_aRochelle Park, N.J. : _bHayden Book Co _c1977 |
||
| 300 | _a218 p. : ill. | ||
| 350 | _a0.00 | ||
| 500 | _aIncludes index. | ||
| 650 | _aTELEPHONE, CARRIER CURRENT | ||
| 995 |
_D0.00 _FCBU-SCHOOL TEXTBOOK COLLECTIONS _H1 _I0.00 _M2 _UAVAILABLE _WSep 9, 2009 _ZSchool Collections |
||
| 995 |
_D0.00 _FCBU-MAIN LIBRARY (Kitwe) _H1 _I4.15 _UDAMAGED _ZMain Library Open Access Collection |
||
| 999 |
_c80987 _d80987 |
||